Escritos urgentes. (Record no. 35343)
[ view plain ]
| 000 -CABECERA | |
|---|---|
| campo de control de longitud fija | 00596nam a22002057a 4500 |
| 003 - IDENTIFICADOR DEL NÚMERO DE CONTROL | |
| campo de control | OSt |
| 005 - FECHA Y HORA DE LA ÚLTIMA TRANSACCIÓN | |
| campo de control | 20220602133641.0 |
| 008 - DATOS DE LONGITUD FIJA--INFORMACIÓN GENERAL | |
| campo de control de longitud fija | 181211b xxu||||| |||| 00| 0 spa d |
| 020 ## - ISBN | |
| Número Internacional Estándar del Libro | 978-987-614-192-5 |
| 040 ## - FUENTE DE LA CATALOGACIÓN | |
| Centro/agencia transcriptor | Biblioteca Ernesto Sábato |
| 092 ## - SIGNATURA TOPOGRÁFICA | |
| Número de clasificación | 070.444 |
| Libristica | G314 |
| Sector | JLS |
| 100 ## - Autor Personal | |
| Nombre de persona | Gelman, Juan |
| 245 ## - MENCIÓN DE TÍTULO | |
| Título | Escritos urgentes. |
| Resto del título | Las mejores crónicas del poeta |
| 260 ## - PUBLICACIÓN, DISTRIBUCIÓN, ETC. (PIE DE IMPRENTA) | |
| Lugar de publicación, distribución, etc. | Buenos Aires |
| Nombre del editor, distribuidor, etc. | Capital Intelectual |
| Fecha de publicación, distribución, etc. | 2009 |
| 300 ## - DESCRIPCIÓN FÍSICA | |
| Paginas | 2 v. |
| 440 ## - MENCIÓN DE SERIE/PUNTO DE ACCESO ADICIONAL--TÍTULO | |
| Título | Claves para todos. Dirigida por José Nun |
| Número de parte o sección de la obra | 103 |
| -- | 104 |
| 650 ## - Descriptores Tematicos | |
| Término de materia o nombre geográfico como elemento inicial | CRÓNICAS PERIODÍSTICAS |
| 650 ## - Descriptores Tematicos | |
| Término de materia o nombre geográfico como elemento inicial | JLS |
| 942 ## - ELEMENTOS DE PUNTO DE ACCESO ADICIONAL (KOHA) | |
| Fuente del sistema de clasificación o colocación | Dewey Decimal Classification |
| Tipo de ítem Koha | JLS |
| Estado de retiro | Estado de pérdida | Fuente del sistema de clasificación o colocación | Estado dañado | No para préstamo | Localización permanente | Ubicación/localización actual | Fecha de adquisición | Número de inventario | Total de préstamos | Signatura topográfica completa | Código de barras | Fecha visto por última vez | Precio válido a partir de | Tipo de ítem Koha |
|---|---|---|---|---|---|---|---|---|---|---|---|---|---|---|
| Dewey Decimal Classification | Biblioteca Ernesto Sabato - FADECS - UNCOMA | Biblioteca Ernesto Sabato - FADECS - UNCOMA | 02/06/2022 | 25883 | 070.444 G314 | 25883 | 02/06/2022 | 02/06/2022 | JLS |